|
|
|
|
| LEADER |
00000nam0a2200000 4500 |
| 001 |
199411 |
| 005 |
20231228152821.0 |
| 035 |
|
|
|a (RuTPU)RU\TPU\book\217441
|
| 035 |
|
|
|a RU\TPU\book\214570
|
| 090 |
|
|
|a 199411
|
| 100 |
|
|
|a 20110808d2010 m y0rusy50 ca
|
| 101 |
0 |
|
|a rus
|
| 102 |
|
|
|a RU
|
| 105 |
|
|
|a a j 001zy
|
| 200 |
1 |
|
|a Гидрогазодинамика разделительных процессов
|e учебное пособие
|f Д. Г. Видяев
|g Национальный исследовательский Томский политехнический университет (ТПУ)
|
| 210 |
|
|
|a Томск
|c Изд-во ТПУ
|d 2010
|
| 215 |
|
|
|a 108 с.
|c ил.
|
| 320 |
|
|
|a Библиогр.: с. 104.
|
| 320 |
|
|
|a Предметный указатель: с. 105.
|
| 330 |
|
|
|a В пособии рассмотрены основные вопросы гидрогазодинамики, необходимые для проведения расчета параметров потока жидкости или газа в разделительных процессах. Описаны физические свойства жидкостей и газов, общие законы движения жидкости и газа, гидравлические сопротивления, движение жидкости и газа в трубах и разделительных колонных, и истечение их из отверстий, моделирование гидрогазодинамических явлений. Приведены примеры использования теории в технических задачах. Предназначено для магистрантов, обучающихся по специальности "Физика кинетических явлений", также будет полезно для студентов других физико-технических специальностей.
|
| 606 |
1 |
|
|a Аэрогидродинамика
|2 stltpush
|3 (RuTPU)RU\TPU\subj\67371
|9 83197
|
| 606 |
1 |
|
|a Разделение изотопов
|2 stltpush
|3 (RuTPU)RU\TPU\subj\23598
|9 48165
|
| 610 |
1 |
|
|a жидкости
|
| 610 |
1 |
|
|a газ
|
| 610 |
1 |
|
|a трехмерное движение
|
| 610 |
1 |
|
|a одномерное движение
|
| 610 |
1 |
|
|a понятия
|
| 610 |
1 |
|
|a определения
|
| 610 |
1 |
|
|a напор
|
| 610 |
1 |
|
|a гидравлические потери
|
| 610 |
1 |
|
|a движение в трубах
|
| 610 |
1 |
|
|a местные гидравлические сопротивления
|
| 610 |
1 |
|
|a разделительные процессы
|
| 610 |
1 |
|
|a нагнетатели
|
| 610 |
1 |
|
|a моделирование
|
| 610 |
1 |
|
|a учебные пособия
|
| 610 |
1 |
|
|a труды учёных ТПУ
|
| 675 |
|
|
|a 532.5(075.8)
|v 3
|
| 675 |
|
|
|a 621.039.3(075.8)
|v 3
|
| 700 |
|
1 |
|a Видяев
|b Д. Г.
|c физик
|c доцент Томского политехнического университета, доктор технических наук
|f 1973-
|g Дмитрий Геннадьевич
|3 (RuTPU)RU\TPU\pers\28271
|9 13215
|
| 712 |
0 |
2 |
|a Национальный исследовательский Томский политехнический университет (ТПУ)
|c (2009- )
|3 (RuTPU)RU\TPU\col\15902
|
| 801 |
|
1 |
|a RU
|b 63413507
|c 20110527
|
| 801 |
|
2 |
|a RU
|b 63413507
|c 20110829
|g RCR
|
| 942 |
|
|
|c BK
|